000 00834nam a2200241Ia 4500
003 GCL
005 20240530102413.0
008 140319s9999 xx 000 0 ara d
040 _aGCL /
_cGCL
082 0 4 _a910.453
_bب ك
100 1 _aبزرك بن شهريار الناخداه الرام هرمزى
245 1 0 _aكتاب عجائب الهند :
_b بره وبحره وجزايره LIVRE DES MERVEILLES DE L'INDE /
_cبزرك بن شهريار الناخداه الرام هرمزى
260 _a[ بيروت ] :
_bدار صادر ؛
_c1886
300 _a308 ص؛
_b30 سم
650 0 4 _aالرحلات
650 0 4 _aالجغرافيا
650 0 4 _aالعرب والبحار
650 0 4 _aالهند
650 0 4 _aالتقاليد
650 0 4 _aالعادات
650 0 4 _aوصف ورحلات
942 _2ddc
_cBK
999 _c31999
_d31999